000 00590nam a2200229Ia 4500
003 OSt
005 20230531114230.0
008 210423s2012 xx 000 0 und d
020 _a978-81-316-0528-8
040 _cAL
041 _aeng
082 _a361.3 ROYF
100 _aROY (Sanjoy)
_9117782
245 _aFieldwork in social work
260 _aNew Delhi
_bRawat Publications
_c2012
300 _aix,220
_bHB
365 _b695
_cINR
650 _aSocial Problems & Services
_9117783
650 _aSocial Work
_9117784
906 _aFieldwork ; social ; work
942 _2ddc
_cBK
999 _c176401
_d176401